00000000nam##2200000za#4500
0019.648131
003CaOODSP
00520200330091805
007ta
008150407|1999||||xxc|||||     f|0| 0 eng|d
020 |a0-662-30256-7
040 |aCaOODSP|beng
043 |an-cn---
0861 |aE2-273/1999E
1101 |aCanada.|bForeign Affairs and International Trade. |bCanadian Centre for Foreign Policy Development.
24510|aRoundtable on the Americas : |bpriorities, plans and activities
260 |aOttawa - Ontario : |bForeign Affairs and International Trade. |c1999.
300 |a11p. ; |c28 cm.
563 |aSoftcover
590 |a01-48|b2001-11-30
69007|aForeign policy|2gcpds
69007|aForeign aid|2gcpds
7760#|tRoundtable on the Americas : |w(CaOODSP)9.686066
986 |a8004.2E